000 00489nam a2200205Ia 4500
001 12354
003 GE_BSU
008 181216s||||||||xx |||||||||||||| ||und||
040 _cGE_BSU
080 _a58(075.32)
100 _aИсаин,В.Н.
245 _aБотаника.
250 _a8-ое перераб.
260 _aМосква
260 _bСельхозгиздат
260 _c1963
300 _a503стр.илл.23см.
653 _aБотаника.
942 _cBK
999 _c45529
_d45529